Stauanlagen und Wasserkraftwerke : 2. Teil: Wehre.
Gespeichert in:
| 1. Verfasser: | |
|---|---|
| Format: | Buch |
| Sprache: | Deutsch |
| Veröffentlicht: |
Berlin :
Verlag von W.Ernst u.Sohn,
1959
|
| Ausgabe: | 2. erweiterte Auflage |
| Tags: |
Keine Tags, Fügen Sie das erste Tag hinzu!
|
MARC
| LEADER | 00000nam a22000003a 4500 | ||
|---|---|---|---|
| 001 | stu195326 | ||
| 005 | 20150617230021.8 | ||
| 008 | 091102s1959----ge------------------ger-d | ||
| 040 | |a STU |b slo | ||
| 041 | 0 | |a ger | |
| 044 | |a ge | ||
| 080 | |a 656.3 | ||
| 100 | 1 | |a Press, Heinrich |4 aut | |
| 245 | 1 | |a Stauanlagen und Wasserkraftwerke : |b 2. Teil: Wehre. | |
| 250 | |a 2. erweiterte Auflage | ||
| 260 | |a Berlin : |b Verlag von W.Ernst u.Sohn, |c 1959 | ||
| 300 | |a 380 s | ||
| 996 | |c V*9382/O-1842 |l VV7 |s P |a 0 |w stu195326_0001 | ||